000 00340nam a2200145 i 4500
001 bg
100 1 _aDOBRZYŃSKI, Roman
245 0 _aBłękitne imperium gen. Franco /
_cRoman Dobrzyński.
260 _aWarszawa,
_c1975.
040 _cBPK
041 _apol
080 _a946
942 _cKS
008 s pl f |000 0 pol
999 _c26965
_d26965
856 _uhttp://koha.tu.koszalin.pl/cgi-bin/koha/opac-detail.pl?biblionumber=26965
_yKatalog online BPK